| 000 | 00518nam a2200205Ia 4500 | ||
|---|---|---|---|
| 003 | GCL | ||
| 008 | 140319s9999 xx 000 0 eng d | ||
| 040 |
_aGCL / _cGCL |
||
| 082 | 0 | 4 |
_a973.46 _bF D |
| 100 | 1 | _aFLIEGELMAN, JAY | |
| 245 | 1 | 0 |
_aDECLARING INDEPENDENCE / _cFLIEGELMAN, JAY |
| 260 |
_a[S.N] : _bSTANFORD UNIVERSITY PRESS ، _c1993 |
||
| 300 | _a268 P | ||
| 650 | 0 | 4 | _aASPECTS |
| 650 | 0 | 4 | _aUNITED STATES |
| 650 | 0 | 4 | _aHISTORY |
| 650 | 0 | 4 | _aLANGUAGES |
| 650 | 0 | 4 | _aRHETORIC POLITICAL |
| 942 |
_2ddc _cBK |
||
| 999 |
_c24313 _d24313 |
||